| 000 | 00744nam a2200265 i 4500 | ||
|---|---|---|---|
| 001 | C2-0237654 | ||
| 003 | PPAK | ||
| 005 | 20180727201048.0 | ||
| 008 | 020115s2000 ilua|||| ||||| | eng d | ||
| 020 | _a0737301112 | ||
| 040 |
_aPPAK _beng _cPPAK _erda |
||
| 082 | 0 | 4 |
_a617.520592 _223 |
| 090 | 0 | 0 |
_a617.520592 _bHEN _dG |
| 100 | 1 |
_aHenry, Kimberly A., _eauthor |
|
| 245 | 1 | 4 | _aThe face-lift sourcebook |
| 264 | 1 |
_aIllinois : _bLowell House , _c2000 |
|
| 300 |
_axx, 232 pages : _billustrations ; _c23 cm |
||
| 336 |
_2rdacontent _atext |
||
| 337 |
_2rdamedia _aunmediated |
||
| 338 |
_2rdacarrier _avolume |
||
| 500 | _aIncludes index | ||
| 650 | 1 | 0 | _aFacelift ; Surgery, Plastic ; Face - Surgery |
| 700 | _eauthor | ||
| 942 |
_ddc _cB |
||
| 999 |
_c53239 _d53239 |
||